<?xml version="1.0" encoding="UTF-8"?><?xml-stylesheet type="text/xsl" href="static/style.xsl"?><OAI-PMH xmlns="http://www.openarchives.org/OAI/2.0/" xmlns:xsi="http://www.w3.org/2001/XMLSchema-instance" xsi:schemaLocation="http://www.openarchives.org/OAI/2.0/ http://www.openarchives.org/OAI/2.0/OAI-PMH.xsd"><responseDate>2026-06-04T11:55:58Z</responseDate><request verb="GetRecord" identifier="oai:recam.amb.cat:20.500.14439/4697" metadataPrefix="marc">https://recam.amb.cat/rest/oai/request</request><GetRecord><record><header><identifier>oai:recam.amb.cat:20.500.14439/4697</identifier><datestamp>2026-04-23T08:54:27Z</datestamp><setSpec>com_20.500.14439_2794</setSpec><setSpec>com_20.500.14439_113</setSpec><setSpec>col_20.500.14439_4201</setSpec></header><metadata><record xmlns="http://www.loc.gov/MARC21/slim" xmlns:dcterms="http://purl.org/dc/terms/" xmlns:xsi="http://www.w3.org/2001/XMLSchema-instance" xmlns:doc="http://www.lyncode.com/xoai" xsi:schemaLocation="http://www.loc.gov/MARC21/slim http://www.loc.gov/standards/marcxml/schema/MARC21slim.xsd">
   <leader>00925njm 22002777a 4500</leader>
   <datafield ind2=" " ind1=" " tag="042">
      <subfield code="a">dc</subfield>
   </datafield>
   <datafield ind2=" " ind1=" " tag="720">
      <subfield code="a">Institut d'Estudis Regionals i Metropolitans de Barcelona</subfield>
      <subfield code="e">author</subfield>
   </datafield>
   <datafield ind2=" " ind1=" " tag="260">
      <subfield code="c">1995-01-01</subfield>
   </datafield>
   <datafield ind2=" " ind1=" " tag="520">
      <subfield code="a">En conjunt es publiquen sis treballs. Els dos primers tenen un caràcter introductori. Així, el quadern s'inicia amb un article de l'economista Marçal Tarragó on es defineixen els principals paràmetres en l'estudi del comerç a Barcelona i el seu entorn. Segueix una aportació de l'arquitecte Ricard Pié sobre l'evolució de la tipologia arquitectònica de l'espai comercial fins a l'actualitat. Establert aquest mar de referència, hom inclou a continuació tres treballs sobre les tendències localitzatives de l'activitat comercial a la Regió Metropolitana: en la primera, els arquitectes Amador Ferrer i Josep M. Carrera presenten els trets generals d'aquestes tendències; tot seguit, l'equip de Josep M. Bros i Josep Llobet, economistes, i Francesc Mestres, arquitecte, analitzen els avantages i inconvenients de les localitzacions en els centres urbans; finalment, els arquitectes Juan F. de Mendoza i José I. Galán tracten dels requeriments per a la localització dels nous espais comercials. El quadern es clou amb un estudi dels economistes Enric Llarch i Marisol Fraile sobre els canvis dels habits de consum, la mobilitat i els horaris, la importància dels quals, en relació amb les dinàmiques de localització del comerç, és prou evident.</subfield>
   </datafield>
   <datafield ind1="8" ind2=" " tag="024">
      <subfield code="a">8488068395</subfield>
   </datafield>
   <datafield ind1="8" ind2=" " tag="024">
      <subfield code="a">https://hdl.handle.net/20.500.14439/4697</subfield>
   </datafield>
   <datafield ind1="8" ind2=" " tag="024">
      <subfield code="a">B 19650-1995</subfield>
   </datafield>
   <datafield tag="653" ind2=" " ind1=" ">
      <subfield code="a">Ciutats</subfield>
   </datafield>
   <datafield tag="653" ind2=" " ind1=" ">
      <subfield code="a">Comerç</subfield>
   </datafield>
   <datafield ind2="0" ind1="0" tag="245">
      <subfield code="a">La ciutat i el comerç. Papers, 22</subfield>
   </datafield>
</record></metadata></record></GetRecord></OAI-PMH>